| 000 | 02106cam a22004214a 4500 | ||
|---|---|---|---|
| 999 |
_c531461 _d531461 |
||
| 001 | 13460785 | ||
| 003 | NUST | ||
| 005 | 20191017103955.0 | ||
| 008 | 040116s2004 enka b 001 0 eng | ||
| 010 | _a 2004001028 | ||
| 020 | _a140511861X (pbk. : alk. paper) | ||
| 038 | _aMSOHAIL | ||
| 040 |
_aDLC _cDLC _dDLC |
||
| 042 | _apcc | ||
| 043 | _ae-uk--- | ||
| 050 | 0 | 0 |
_aHD596 _b.E265 2004 |
| 082 | 0 | 0 |
_a333.730941091732 _222 |
| 100 | 1 |
_aEvans, Alan W. _924174 |
|
| 245 | 1 | 0 |
_aEconomics and land use planning / _cAlan W. Evans. |
| 260 |
_aOxford ; _aMalden, MA : _bBlackwell Pub., _c2004. |
||
| 300 |
_axii, 209 p. : _bill. ; _c24 cm. |
||
| 490 | 1 | _aReal estate issues | |
| 500 | _a"RICS Foundation" -- Cover. | ||
| 504 | _aIncludes bibliographical references (p. [199]-206) and index. | ||
| 505 | 0 | _aMarket failure and welfare economics : a justification for intervention -- Evaluation and planning -- Controlling the density of development -- Zoning and conservation -- Green belts, growth controls, and urban growth boundaries -- Planning and the land market -- The division of the spoils : profits, planning, gain, premium seeking and taxation -- Impact fees -- The economic consequences of higher land values -- The macroeconomic effects of planning constraints -- Methods of planning -- Politics, public choice, and political economy. | |
| 650 | 0 |
_aLand use _zGreat Britain _xPlanning. _924175 |
|
| 650 | 0 |
_aLand use _xEconomic aspects _zGreat Britain. _924176 |
|
| 650 | 0 |
_aLand use _xEnvironmental aspects _zGreat Britain. _924177 |
|
| 650 | 0 |
_aLand use, Urban _xGovernment policy _zGreat Britain. _924178 |
|
| 650 | 0 |
_aCity planning _zGreat Britain _923611 |
|
| 650 | 0 |
_aReal estate development _zGreat Britain. _924179 |
|
| 650 | 0 |
_aEconomics. _91437 |
|
| 830 | 0 |
_aReal estate issues (Oxford, England) _924180 |
|
| 856 | 4 | 1 |
_3Table of contents _uhttp://www.loc.gov/catdir/toc/ecip0413/2004001028.html |
| 906 |
_a7 _bcbc _corignew _d1 _eecip _f20 _gy-gencatlg |
||
| 942 |
_2ddc _cBK |
||